[Event "BEL-ch U20"]
[Site "Worriken Buetgenbach"]
[Date "2004.04.06"]
[Round "4.5"]
[White "Truwant, Sam"]
[Black "Vandenbussche, Thibaut"]
[Result "1-0"]
[WhiteElo "1737"]
[BlackElo "2206"]
[PlyCount "39"]
[EventDate "2004.04.03"]
[EventType "swiss"]
[EventRounds "9"]
[EventCountry "BEL"]
[SourceTitle "EXT 2006"]
[Source "ChessBase"]
[SourceDate "2005.11.24"]
[SourceVersion "1"]
[SourceVersionDate "2005.11.24"]
[SourceQuality "1"]

1. e4 e6 2. d4 d5 3. Nc3 Bb4 4. e5 Ne7 5. a3 Bxc3+ 6. bxc3 c5 7. Qg4 0-0 8. Bd3 Qa5 9. Bd2 Nbc6 10. Nf3 f5 11. exf6 Rxf6 12. Qh5 h6 13. Qe8+ Rf8 14. Bh7+ Kxh7 15. Qxf8 Qa4 16. h4 Kg6 17. Ng5 hxg5 18. Qe8+ Kf6 19. hxg5+ Kf5 20. Qf7+ 1-0

[Event "BEL-ch U20"]
[Site "Worriken Buetgenbach"]
[Date "2004.04.05"]
[Round "3.6"]
[White "Vervaeck, Bart"]
[Black "Truwant, Sam"]
[Result "1/2-1/2"]
[WhiteElo "1448"]
[BlackElo "1737"]
[PlyCount "71"]
[EventDate "2004.04.03"]
[EventType "swiss"]
[EventRounds "9"]
[EventCountry "BEL"]
[SourceTitle "EXT 2006"]
[Source "ChessBase"]
[SourceDate "2005.11.24"]
[SourceVersion "1"]
[SourceVersionDate "2005.11.24"]
[SourceQuality "1"]

1. e4 g6 2. d4 Bg7 3. Nc3 d6 4. Nf3 a6 5. Bc4 b5 6. Bb3 Nf6 7. 0-0 0-0 8. a3 Bb7 9. Re1 Nbd7 10. Bxf7+ Rxf7 11. Ng5 e5 12. Nxf7 Kxf7 13. d5 Qe7 14. f3 Rf8 15. Bg5 h6 16. Be3 Nh5 17. Qd2 g5 18. g4 Nf4 19. b4 h5 20. gxh5 Nf6 21. Bxf4 gxf4 22. Kf2 Nxh5 23. Rg1 Qh4+ 24. Kf1 Bc8 25. Qf2 Bh3+ 26. Ke2 Qe7 27. a4 Bf6 28. axb5 axb5 29. Nxb5 Rb8 30. c4 Bd7 31. Qa7 Qd8 32. Nxc7 Rxb4 33. Na6 Qc8 34. Qc7 Qxc7 35. Nxc7 Rxc4 36. Rgc1 1/2-1/2

[Event "BEL-ch U20"]
[Site "Worriken Buetgenbach"]
[Date "2004.04.03"]
[Round "1.8"]
[White "De Wolf, Jelle"]
[Black "Truwant, Sam"]
[Result "0-1"]
[WhiteElo "1306"]
[BlackElo "1737"]
[PlyCount "54"]
[EventDate "2004.04.03"]
[EventType "swiss"]
[EventRounds "9"]
[EventCountry "BEL"]
[SourceTitle "EXT 2006"]
[Source "ChessBase"]
[SourceDate "2005.11.24"]
[SourceVersion "1"]
[SourceVersionDate "2005.11.24"]
[SourceQuality "1"]

1. e4 g6 2. d4 Bg7 3. Nc3 d6 4. Be3 a6 5. Bc4 b5 6. Bb3 Bb7 7. Nf3 Nd7 8. 0-0 Ngf6 9. Ng5 0-0 10. Qd3 c5 11. dxc5 Nxc5 12. Bxc5 dxc5 13. Qxd8 Raxd8 14. a4 c4 15. Ba2 h6 16. Nh3 Nxe4 17. axb5 Nxc3 18. bxc3 axb5 19. Rab1 Bc6 20. Rfe1 e6 21. Re3 Rd7 22. Rc1 Rfd8 23. Kh1 Rd1+ 24. Rxd1 Rxd1+ 25. Ng1 Ra1 26. Bxc4 bxc4 27. h3 Rc1 0-1